000 00521cam a22002051 4500
001 sa 66007002
003 DLC
005 20260227112300.0
008 890608s1963 ii 000 0 urdr
010 _asa 66007002
035 _a(OCoLC)19838395
040 _aDLC
_cWaU
_dDLC
043 _aa-ii---
050 0 0 _aDS427
_b.A8
100 1 _aAshraf, Kunwar Muhammad,
_d1903-1962.
245 1 0 _aHindūstānī Muslim siyāsat par ek naẓar.
260 _c[1963]
300 _a152 p.
_c18 cm.
650 0 _aMuslims
_zIndia.
999 _c70863
_d70863